<?xml version="1.0" encoding="UTF-8"?>
<record
    xmlns:xsi="http://www.w3.org/2001/XMLSchema-instance"
    xsi:schemaLocation="http://www.loc.gov/MARC21/slim http://www.loc.gov/standards/marcxml/schema/MARC21slim.xsd"
    xmlns="http://www.loc.gov/MARC21/slim">

  <leader>01356nam a2200349 u 4500</leader>
  <controlfield tag="001">586762</controlfield>
  <controlfield tag="005">20260506084319.0</controlfield>
  <controlfield tag="008">000329s1997                        spa  </controlfield>
  <datafield tag="020" ind1=" " ind2=" ">
    <subfield code="a">8439540108</subfield>
  </datafield>
  <datafield tag="035" ind1=" " ind2=" ">
    <subfield code="a">586762</subfield>
  </datafield>
  <datafield tag="035" ind1=" " ind2=" ">
    <subfield code="a">(OCoLC)777768505</subfield>
  </datafield>
  <datafield tag="040" ind1=" " ind2=" ">
    <subfield code="c">comduadb</subfield>
  </datafield>
  <datafield tag="041" ind1=" " ind2=" ">
    <subfield code="a">spa</subfield>
  </datafield>
  <datafield tag="082" ind1=" " ind2="4">
    <subfield code="a">184</subfield>
  </datafield>
  <datafield tag="100" ind1="0" ind2="0">
    <subfield code="a">Plat&#xF3;n 427-348 a.C.</subfield>
    <subfield code="4">aut</subfield>
    <subfield code="0">(isni)0000 0001 2096 7858</subfield>
    <subfield code="0">(viaf)108159964</subfield>
    <subfield code="e">aut</subfield>
  </datafield>
  <datafield tag="245" ind1="1" ind2="0">
    <subfield code="a">Apolog&#xED;a de S&#xF3;crates</subfield>
  </datafield>
  <datafield tag="260" ind1=" " ind2=" ">
    <subfield code="a">Barcelona :</subfield>
    <subfield code="b">Planeta de Agostini,</subfield>
    <subfield code="c">1997.</subfield>
  </datafield>
  <datafield tag="300" ind1=" " ind2=" ">
    <subfield code="a">329 p&#xE1;ginas</subfield>
  </datafield>
  <datafield tag="490" ind1="0" ind2=" ">
    <subfield code="a">Los Cl&#xE1;sicos de Grecia y Roma ;</subfield>
    <subfield code="v">3</subfield>
  </datafield>
  <datafield tag="505" ind1=" " ind2=" ">
    <subfield code="a">Contenido : Banquete / Mart&#xED;nez Hern&#xE1;ndez M. -- Fedro / E. Lledo I&#xF1;igo.</subfield>
  </datafield>
  <datafield tag="505" ind1="8" ind2="0">
    <subfield code="t">Fedro</subfield>
  </datafield>
  <datafield tag="650" ind1=" " ind2="7">
    <subfield code="a">Platonismo</subfield>
    <subfield code="2">lemb</subfield>
    <subfield code="9">4995</subfield>
  </datafield>
  <datafield tag="650" ind1=" " ind2="7">
    <subfield code="a">Di&#xE1;logos griegos</subfield>
    <subfield code="2">lemb</subfield>
    <subfield code="9">60531</subfield>
  </datafield>
  <datafield tag="650" ind1=" " ind2=" ">
    <subfield code="a">Plat&#xF3;n, 427?-348 a.C. Di&#xE1;logos</subfield>
    <subfield code="9">51748</subfield>
  </datafield>
  <datafield tag="650" ind1=" " ind2=" ">
    <subfield code="a">Plat&#xF3;n, 427?-348 a.C. Fedro</subfield>
    <subfield code="9">75015</subfield>
  </datafield>
  <datafield tag="650" ind1=" " ind2=" ">
    <subfield code="a">Plat&#xF3;n, 427?-348 a.C. El banquete</subfield>
    <subfield code="9">45361</subfield>
  </datafield>
  <datafield tag="650" ind1=" " ind2=" ">
    <subfield code="a">Plat&#xF3;n, 427?-348 a.C. Apolog&#xED;a de S&#xF3;crates</subfield>
    <subfield code="9">98334</subfield>
  </datafield>
  <datafield tag="700" ind1="1" ind2="0">
    <subfield code="a">Calonge Ruiz, Julio,</subfield>
    <subfield code="d">1914-2012</subfield>
    <subfield code="4">trl</subfield>
    <subfield code="0">(isni)0000 0001 0909 6051</subfield>
    <subfield code="0">(viaf)64291670</subfield>
    <subfield code="e">trl</subfield>
    <subfield code="9">519942</subfield>
  </datafield>
  <datafield tag="700" ind1="1" ind2="0">
    <subfield code="a">Mart&#xED;nez Hern&#xE1;ndez, Marcos,</subfield>
    <subfield code="d">1945-</subfield>
    <subfield code="4">trl</subfield>
    <subfield code="0">(isni)0000 0001 1572 6937</subfield>
    <subfield code="0">(viaf)64106607</subfield>
    <subfield code="e">trl</subfield>
    <subfield code="9">520395</subfield>
  </datafield>
  <datafield tag="700" ind1="1" ind2="0">
    <subfield code="a">Lled&#xF3;, Emilio,</subfield>
    <subfield code="d">1927-</subfield>
    <subfield code="4">trl</subfield>
    <subfield code="0">(isni)0000 0001 1575 4911</subfield>
    <subfield code="0">(viaf)76335926</subfield>
    <subfield code="e">trl</subfield>
    <subfield code="9">520390</subfield>
  </datafield>
  <datafield tag="942" ind1=" " ind2=" ">
    <subfield code="c">BOOK</subfield>
  </datafield>
  <datafield tag="999" ind1=" " ind2=" ">
    <subfield code="c">144591</subfield>
    <subfield code="d">144591</subfield>
  </datafield>
  <datafield tag="952" ind1=" " ind2=" ">
    <subfield code="0">0</subfield>
    <subfield code="1">0</subfield>
    <subfield code="2">ddc</subfield>
    <subfield code="4">0</subfield>
    <subfield code="7">0</subfield>
    <subfield code="8">GEN</subfield>
    <subfield code="a">BC</subfield>
    <subfield code="b">BC</subfield>
    <subfield code="d">2011-02-25</subfield>
    <subfield code="e">Material adquirido por donaci&#xF3;n</subfield>
    <subfield code="i">C1110015</subfield>
    <subfield code="l">9</subfield>
    <subfield code="m">1</subfield>
    <subfield code="o">184 P718ap 1997</subfield>
    <subfield code="p">0763142</subfield>
    <subfield code="r">2026-03-19 13:29:36</subfield>
    <subfield code="s">2025-06-19</subfield>
    <subfield code="t">1</subfield>
    <subfield code="w">2023-04-22</subfield>
    <subfield code="y">BOOK</subfield>
  </datafield>
  <datafield tag="952" ind1=" " ind2=" ">
    <subfield code="0">0</subfield>
    <subfield code="1">0</subfield>
    <subfield code="2">ddc</subfield>
    <subfield code="4">0</subfield>
    <subfield code="7">0</subfield>
    <subfield code="8">GEN</subfield>
    <subfield code="a">BC</subfield>
    <subfield code="b">BC</subfield>
    <subfield code="d">2000-03-29</subfield>
    <subfield code="e">Ediciones Valencia</subfield>
    <subfield code="i">C627880</subfield>
    <subfield code="l">7</subfield>
    <subfield code="m">1</subfield>
    <subfield code="o">184 P718ap 1997 e2</subfield>
    <subfield code="p">61000002111017</subfield>
    <subfield code="r">2025-10-06 10:08:36</subfield>
    <subfield code="s">2025-08-11</subfield>
    <subfield code="t">2</subfield>
    <subfield code="w">2023-04-22</subfield>
    <subfield code="y">BOOK</subfield>
  </datafield>
</record>
